| 000 | 00757cam a22001934a 4500 | ||
|---|---|---|---|
| 005 | 20250605164211.0 | ||
| 008 | 250528s ||||||||||||||||||||||||d | ||
| 035 | _a20266 | ||
| 020 | _a91172186 | ||
| 040 |
_aGR-AtMCL _bgre _dGR-AtMCL _eAACR2 |
||
| 245 | 1 | _aAirman's Information Manual 1981 / Basic Flight Information and ATC Procedure | |
| 260 |
_bAviation Maintenance Publishers, _c1981 |
||
| 300 | _a286 | ||
| 520 | _aBasic Information and ATC Procedures (Reprint of the Latest Complete FAA Issue), Pilot/ Controller Glossary, Index, Airport/ Facility Directory (Excerpts), Notices to Airmen (Excerpts), Graphic Notices and Supplemental Data (Excerpts). | ||
| 700 | 1 |
_aWinner Walter P _96281 |
|
| 942 | _cBK | ||
| 999 |
_c5394 _d5394 |
||